000 005070000a22001930004500
020 _a0-311-17005-6
041 0 _aSPA
082 0 4 _aG 254.2 P3171m
100 1 _aPatterson, Frank W.
245 1 0 _aManual de finanzas para iglesias / F. W. Patterson
250 _a5
260 _aEl Paso, TX., USA : Casa Bautista de Publicaciones
300 _a114 Pag
001 6626
942 _cBK
999 _c36894
_d36894
336 _atexto
_btxt
_2rdacontent
337 _2rdamedia
_asin mediación
_bn
338 _2rdacarrier
_avolumen
_bnc